| 000 | 00356nam a2200133Ia 4500 | ||
|---|---|---|---|
| 008 | 240624s9999 xx 000 0 und d | ||
| 041 | _aeng | ||
| 082 | _a519.2 GAN | ||
| 100 | _aGAN GUOJUN | ||
| 245 | _aMEASURE PROBABILITY AND MATHEMATICAL FIN | ||
| 260 |
_c2014 _aNew Jersey _bJohn Wiley & Sons |
||
| 300 | _axxiii, : 715 : p. : cm. ; 24 | ||
| 365 |
_c _b26 |
||
| 999 |
_c23930 _d23930 |
||